A Plan of the Manor of Ebury c. 1663-1670 (Record no. 116856)

MARC details
000 -LEADER
fixed length control field 00858cem a22002175a 4500
001 - CONTROL NUMBER
control field L140378
008 - FIXED-LENGTH DATA ELEMENTS--GENERAL INFORMATION
fixed length control field 070920r19151663xxk a 0 f eng u
035 ## - SYSTEM CONTROL NUMBER
System control number (Sirsi) u140378
041 0# - LANGUAGE CODE
Language code of text/sound track or separate title eng
110 2# - MAIN ENTRY--CORPORATE NAME
Corporate name or jurisdiction name as entry element London Topographical Society
9 (RLIN) 106
245 02 - TITLE STATEMENT
Title A Plan of the Manor of Ebury c. 1663-1670
Medium [cartographic material]
250 ## - EDITION STATEMENT
Edition statement Facsim.
255 ## - CARTOGRAPHIC MATHEMATICAL DATA
Statement of scale Scale not given
260 ## - PUBLICATION, DISTRIBUTION, ETC.
Place of publication, distribution, etc. London
Name of publisher, distributor, etc. London Topographical Society
Date of publication, distribution, etc. 1915
300 ## - PHYSICAL DESCRIPTION
Extent 1 map
Other physical details col.
Dimensions 76 x 51 cm. +
Accompanying material 1 v. (4 p., 51 cm.)
500 ## - GENERAL NOTE
General note Item is a facsimile of the original plan dating from 1663-1670.
500 ## - GENERAL NOTE
General note Item is accompanied by a letterpress booklet containing the text of the plan, part of which appeared on the back of the original.
651 4# - SUBJECT ADDED ENTRY--GEOGRAPHIC NAME
Geographic name London
690 ## - LOCAL SUBJECT ADDED ENTRY--TOPICAL TERM (OCLC, RLIN)
Topical term or geographic name as entry element ENVIRONMENTAL AND LAND CONSULTANCY-GEOMATICS-MAPPING AND POSITIONING-CARTOGRAPHY
942 ## - ADDED ENTRY ELEMENTS (KOHA)
Suppress in OPAC 0
Holdings
Withdrawn status Lost status Source of classification or shelving scheme Damaged status Not for loan Home library Current library Shelving location Date acquired Total Checkouts Full call number Barcode Date last seen Copy number Price effective from Koha item type
    Dewey Decimal Classification     Historic collection Historic collection Historic collection 20/09/2007   MAP CABINET DRAWER 4 140378-2001 06/08/2019 1 06/08/2019 Archive